| 000 | 00430cam a2200157ua 4500 | ||
|---|---|---|---|
| 041 |
_aeng _h |
||
| 082 |
_a920 _bSWI/JO |
||
| 100 | _aSwift, Jonathan . | ||
| 245 |
_aJournal to Stella / _cJonathan Swift. _hTextual Documents |
||
| 260 |
_aLondon : _bJ M Dent and Sons Ltd , _c1955. |
||
| 300 | _a449 ; . | ||
| 440 | 0 |
_aEveryman`s Library, _v757 _x; |
|
| 490 | 0 |
_aEveryman`s Library, _v757 _x; |
|
| 942 | _cBK | ||
| 999 |
_c1109 _d1109 |
||